[Event "Voronezh op-A 11th"]
[Site "Voronezh"]
[Date "2007.06.12"]
[Round "1"]
[White "Virovlansky, Semen"]
[Black "Dzhagarov, Roman"]
[Result "1-0"]
[WhiteElo "2445"]
[BlackElo "2146"]
[PlyCount "116"]
[EventDate "2007.06.12"]
[EventType "swiss"]
[EventRounds "9"]
[EventCountry "RUS"]
[SourceTitle "CBM 118 Extra"]
[Source "ChessBase"]
[SourceDate "2007.07.04"]
[SourceVersion "1"]
[SourceVersionDate "2007.07.04"]
[SourceQuality "1"]

1. d4 f5 2. g3 Nf6 3. Bg2 g6 4. Nh3 Bg7 5. Nf4 0-0 6. Nc3 c6 7. h4 d6 8. d5 cxd5 9. Ncxd5 e6 10. Nxf6+ Bxf6 11. 0-0 Nc6 12. e4 fxe4 13. Bxe4 d5 14. Bg2 d4 15. Re1 e5 16. Nd5 Bg7 17. Bg5 Qd6 18. Qd2 Be6 19. c4 Rf7 20. Rf1 Qf8 21. Qe2 Re8 22. Rad1 Qd6 23. b3 Qd7 24. Be4 Bh3 25. Rfe1 Qg4 26. Qxg4 Bxg4 27. Rb1 Bf3 28. Rb2 Bxe4 29. Rxe4 h6 30. Bc1 Rd8 31. Rc2 Bf8 32. Kg2 Kg7 33. Bb2 Rf5 34. Rd2 Bc5 35. f4 g5 36. hxg5 hxg5 37. fxe5 Rxe5 38. Rxe5 Nxe5 39. Bxd4 Bxd4 40. Rxd4 Nc6 41. Rd2 Kg6 42. Rf2 Rd6 43. Re2 b6 44. Re8 Kf5 45. Kf2 Ne5 46. Ke3 Nc6 47. Rf8+ Kg6 48. Rg8+ Kf5 49. Rg7 Re6+ 50. Kf2 Rd6 51. Rc7 Ke4 52. Kg2 g4 53. Rg7 Ne5 54. Rxa7 b5 55. Nc3+ Ke3 56. Re7 Rd2+ 57. Kf1 Kd4 58. Nxb5+ Ke4 1-0

[Event "Chigorin Memorial 13th"]
[Site "St Petersburg"]
[Date "2005.10.19"]
[Round "5"]
[White "Dzhagarov, Roman"]
[Black "Shushpanova, Nina Aleksandro"]
[Result "1-0"]
[WhiteElo "2169"]
[BlackElo "2077"]
[PlyCount "155"]
[EventDate "2005.10.15"]
[EventType "swiss"]
[EventRounds "9"]
[EventCountry "RUS"]
[SourceTitle "CBM 108 Extra"]
[Source "ChessBase"]
[SourceDate "2005.11.04"]
[SourceVersion "1"]
[SourceVersionDate "2005.11.04"]
[SourceQuality "1"]

1. d4 Nf6 2. Nf3 d5 3. g3 e6 4. Bg2 Be7 5. 0-0 0-0 6. c4 c6 7. Qc2 Nbd7 8. b3 Ne4 9. Bb2 f5 10. Nbd2 Ndf6 11. Ne5 Nxd2 12. Qxd2 Bd6 13. f3 a5 14. Rfd1 Bd7 15. c5 Bxe5 16. dxe5 Ne8 17. Bd4 Nc7 18. a4 Na6 19. Rac1 Be8 20. e3 Nb8 21. Bf1 Nd7 22. Qc3 Bg6 23. Rd2 Ra7 24. Rg2 Kh8 25. Bd3 Ra8 26. Be2 Qe7 27. h3 Qd8 28. f4 Qe8 29. Bf3 Bf7 30. Qc2 Qe7 31. Qf2 Rg8 32. Be2 Bg6 33. g4 Qe8 34. Rg3 Qe7 35. Rg2 Qd8 36. Kh2 Qe7 37. Bd3 Nf8 38. Qc2 fxg4 39. hxg4 Bxd3 40. Qxd3 g6 41. Rg3 Rg7 42. Kg2 Kg8 43. Rh1 Nd7 44. Qc2 Rf8 45. Rc1 Rgf7 46. g5 Ra8 47. Rh3 Nf8 48. Rch1 Rg7 49. Rg3 Qf7 50. Kf3 Qf5 51. Qxf5 gxf5 52. Rg2 Nd7 53. Rb2 Ra7 54. b4 axb4 55. Rxb4 Nb8 56. Rhb1 Na6 57. Rb6 Nb8 58. Ke2 Rc7 59. Kd2 Nd7 60. Kd3 Kf7 61. R6b2 Nf8 62. Rb4 Ng6 63. Bc3 Nf8 64. a5 Nd7 65. Kd4 Nf8 66. Rb6 Nd7 67. Be1 Ke8 68. R6b2 Nf8 69. a6 bxa6 70. Rb8+ Kf7 71. Ba5 Re7 72. Rc8 Rab7 73. Rxb7 Rxb7 74. Rxc6 Ra7 75. Rc7+ Rxc7 76. Bxc7 Ng6 77. c6 Ne7 78. Kc5 1-0

[Event "Chigorin Memorial 13th"]
[Site "St Petersburg"]
[Date "2005.10.18"]
[Round "4"]
[White "Serov, Alexey"]
[Black "Dzhagarov, Roman"]
[Result "1-0"]
[WhiteElo "2331"]
[BlackElo "2169"]
[PlyCount "79"]
[EventDate "2005.10.15"]
[EventType "swiss"]
[EventRounds "9"]
[EventCountry "RUS"]
[SourceTitle "CBM 108 Extra"]
[Source "ChessBase"]
[SourceDate "2005.11.04"]
[SourceVersion "1"]
[SourceVersionDate "2005.11.04"]
[SourceQuality "1"]

1. e4 c5 2. Nf3 d6 3. d4 cxd4 4. Nxd4 Nf6 5. Nc3 a6 6. f3 e5 7. Nb3 Be6 8. Be3 Nbd7 9. Qd2 Be7 10. 0-0-0 Qc7 11. g4 Nb6 12. Qf2 Nfd7 13. Kb1 0-0 14. h4 Rac8 15. g5 Nc4 16. Bxc4 Qxc4 17. f4 exf4 18. Bxf4 Ne5 19. Qg3 Qc7 20. Rh2 Rfd8 21. h5 Nc4 22. Nd5 Bxd5 23. Rxd5 Qb6 24. Bc1 Bf8 25. Rf2 Ne5 26. Re2 Re8 27. Be3 Qb4 28. Qg2 Qc4 29. c3 Qc7 30. h6 g6 31. Nd2 Qe7 32. Qf1 Qe6 33. Bf4 Be7 34. Rf2 f5 35. Qd1 Rf8 36. Qb3 fxe4 37. Nxe4 Nc4 38. Rd4 d5 39. Qxb7 dxe4 40. Rxe4 1-0

[Event "Chigorin Memorial 13th"]
[Site "St Petersburg"]
[Date "2005.10.15"]
[Round "1"]
[White "Dzhagarov, Roman"]
[Black "Kalegin, Evgenij"]
[Result "0-1"]
[WhiteElo "2169"]
[BlackElo "2470"]
[PlyCount "142"]
[EventDate "2005.10.15"]
[EventType "swiss"]
[EventRounds "9"]
[EventCountry "RUS"]
[SourceTitle "CBM 108 Extra"]
[Source "ChessBase"]
[SourceDate "2005.11.04"]
[SourceVersion "1"]
[SourceVersionDate "2005.11.04"]
[SourceQuality "1"]

1. d4 Nf6 2. c4 c5 3. dxc5 e6 4. Nc3 Bxc5 5. Nf3 0-0 6. e3 b6 7. Be2 Bb7 8. 0-0 a6 9. a3 Qc7 10. b4 Be7 11. Bb2 d6 12. Rc1 Nbd7 13. Qd4 Rfd8 14. Rfd1 Rac8 15. Qh4 Nf8 16. Qd4 N8d7 17. Qh4 Qb8 18. Qd4 Bc6 19. Ng5 b5 20. cxb5 axb5 21. a4 bxa4 22. b5 Bb7 23. Nxa4 e5 24. Qd2 d5 25. Rxc8 Rxc8 26. Rc1 Bd6 27. Rxc8+ Qxc8 28. Nf3 Qd8 29. Qc2 h6 30. h3 Ne4 31. Nd2 Nxd2 32. Qxd2 Nf6 33. Bf3 Ba8 34. Bd1 Ne4 35. Qc2 Qa5 36. Nc3 Nxc3 37. Bxc3 Qxb5 38. Qb2 Qxb2 39. Bxb2 Kf8 40. Be2 Ke7 41. Kf1 Bc6 42. Bd3 Ke6 43. Ba6 Bd7 44. Ke2 g6 45. Bc3 h5 46. Kd3 h4 47. Ba5 f6 48. Bc3 Bc5 49. f3 Kd6 50. Be1 g5 51. e4 dxe4+ 52. Kxe4 f5+ 53. Kd3 Bc6 54. Ke2 Ke6 55. Bd2 Kf6 56. Kf1 Bd4 57. Ba5 Kg6 58. Be2 Bd7 59. Be1 Be3 60. Bc3 Bf4 61. Ba5 Bc6 62. Bc3 Bd5 63. Bb5 Kf7 64. Bb4 Ke6 65. Ba6 e4 66. fxe4 fxe4 67. Bc5 Bb3 68. Ke2 Kd5 69. Bb6 Kc6 70. Bd8 Be6 71. Kf1 Kc5 0-1

[Event "Voronezh op 8th"]
[Site "Voronezh"]
[Date "2004.06.17"]
[Round "6"]
[White "Dzhagarov, Roman"]
[Black "Nikuljshin, Konstantin"]
[Result "0-1"]
[WhiteElo "2188"]
[BlackElo "2348"]
[PlyCount "86"]
[EventDate "2004.06.12"]
[EventType "swiss"]
[EventRounds "9"]
[EventCountry "RUS"]
[SourceTitle "EXT 2005"]
[Source "ChessBase"]
[SourceDate "2004.11.15"]
[SourceVersion "1"]
[SourceVersionDate "2004.11.15"]
[SourceQuality "1"]

1. d4 d5 2. c4 e5 3. dxe5 d4 4. Nf3 Nc6 5. g3 Nge7 6. Bg2 Ng6 7. 0-0 Be7 8. b3 Ngxe5 9. Bb2 Nxf3+ 10. exf3 Be6 11. f4 Qd7 12. Nd2 0-0-0 13. a3 Bg4 14. Bf3 Bxf3 15. Nxf3 Bf6 16. Qd3 h6 17. Rfe1 g5 18. b4 g4 19. Nd2 b6 20. c5 Kb8 21. Rac1 Qd5 22. Rc2 h5 23. Rcc1 h4 24. Qe4 hxg3 25. fxg3 Qh5 26. Nf1 Ne7 27. Red1 Qd5 28. Nd2 Nf5 29. Qxd5 Rxd5 30. Ne4 Bg7 31. Nf2 Ne3 32. Rd2 f5 33. Nd1 Re8 34. Nxe3 Rxe3 35. Rc4 Re4 36. Rc1 Kc8 37. c6 b5 38. Rc5 Rxc5 39. bxc5 Kd8 40. Kf2 Ke7 41. Rd1 Ke6 42. a4 b4 43. Rc1 Kd5 0-1